| Tag |
First Indicator |
Second Indicator |
Subfields |
| LEADER |
00000cam a2200000 4500 |
| 001 |
in00000090820 |
| 005 |
20150923131225.0 |
| 008 |
711123s1971 nyua b 00100bengm |
| 010 |
|
|
|a 77161893
|
| 020 |
|
|
|a 0195014405
|
| 035 |
|
|
|a (OCoLC)00211896
|
| 035 |
|
|
|9 AAK6665AM
|
| 040 |
|
|
|a DLC
|c DLC
|d m.c.
|d TXA
|d UtOrBLW
|
| 049 |
|
|
|a TXAM
|c 1 [710112], 2 [1503374]
|
| 050 |
0 |
0 |
|a PS712
|b .W54
|
| 082 |
0 |
|
|a 811/.1
|a B
|
| 100 |
1 |
|
|a White, Elizabeth Wade.
|
| 245 |
1 |
0 |
|a Anne Bradstreet, "the tenth muse."
|
| 264 |
|
1 |
|a New York :
|b Oxford University Press,
|c 1971.
|
| 300 |
|
|
|a xvi, 410 pages :
|b illustrations ;
|c 22 cm.
|
| 336 |
|
|
|a text
|b txt
|2 rdacontent
|
| 337 |
|
|
|a unmediated
|b n
|2 rdamedia
|
| 338 |
|
|
|a volume
|b nc
|2 rdacarrier
|
| 504 |
|
|
|a Bibliography: pages 391-403.
|
| 536 |
|
|
|a From the library of Harrison T. Meserole, 2002.
|
| 600 |
1 |
0 |
|a Bradstreet, Anne,
|d 1612?-1672.
|
| 999 |
|
|
|a MARS
|
| 999 |
f |
f |
|s 26ce7aad-69a3-3d01-ab4e-7c19610a260d
|i 3134ccf7-5e6b-3a03-9b9d-3d278e3973e1
|t 0
|
| 952 |
f |
f |
|p ric
|a Texas A&M University
|b Rellis Campus
|c Joint Library Facility
|d Remote Storage
|t 0
|e PS712 .W54
|h Library of Congress classification
|i unmediated -- volume
|m A14830019167
|
| 998 |
f |
f |
|a PS712 .W54
|t 0
|l Remote Storage
|